000 00672cam a2200241 4500
001 J2277
008 090401t1994 xxu||||| |||| 00| 0 eng d
035 _a(Sirsi) u48065
041 _aeng
050 _a621.45
100 _aMilborrow, D.J.
245 _aOperational wind turbines in the U.K.
260 _aLondon
_bBritish Wind Energy Association
_c1994
300 _a(3)p. : ill.,map ; 30cm.
350 _a0
520 _aRevised list dated 11 Match 1994.
650 _aWIND ENERGY
650 _aWIND TURBINES
690 _aENVIRONMENTAL AND LAND CONSULTANCY-ENERGY
710 _aBritish Wind Energy Association
_93338
942 _n0
948 _c04/03/1997
999 _c92275
_d92275